Revista de Historia (Record no. 4024)

MARC details
000 -LEADER
campo de control de longitud fija 01750nam a22003737a 4500
003 - IDENTIFICADOR DE NÚMERO DE CONTROL
campo de control OSt
005 - FECHA Y HORA DE LA ÚLTIMA TRANSACCIÓN
campo de control 20230712094757.0
008 - DATOS DE LONGITUD FIJA--INFORMACIÓN GENERAL
campo de control de longitud fija 221006b |||||||| |||| 00| 0 eng d
040 ## - FUENTE DE CATALOGACIÓN
Centro/agencia transcriptor Biblioteca Lado V
082 ## - NÚMERO DE LA CLASIFICACIÓN DECIMAL DEWEY
Número de clasificación 905
Número de ítem F676r
100 ## - ENTRADA PRINCIPAL--NOMBRE DE PERSONA
9 (RLIN) 883
Nombre de persona Fonseca, Elizabeth
Término indicativo de función/relación editor
245 ## - MENCIÓN DEL TÍTULO
Título Revista de Historia
260 ## - PUBLICACIÓN, DISTRIBUCIÓN, ETC.
Fecha de publicación, distribución, etc. 2002
Nombre del editor, distribuidor, etc. Universidad Nacional
Lugar de publicación, distribución, etc. Costa Rica
300 ## - DESCRIPCIÓN FÍSICA
Dimensiones 13.5x21cm
Extensión 337p.
490 ## - MENCIÓN DE SERIE
Designación de volumen o secuencia 2002
Mención de serie 45
Número Internacional Normalizado para Publicaciones Seriadas 1012-9790
505 ## - NOTA DE CONTENIDO CON FORMATO
Nota de contenido con formato La construcción nacional del territorio de Guatemala, 1825-1934
505 ## - NOTA DE CONTENIDO CON FORMATO
Nota de contenido con formato Identidad nacional, historia e invención de tradiciones en El Salvador
505 ## - NOTA DE CONTENIDO CON FORMATO
Nota de contenido con formato Antropólogos, arqueólogos, imperialismo y la mayanizacion de Honduras: 1890-1940
505 ## - NOTA DE CONTENIDO CON FORMATO
Nota de contenido con formato Invención de una tradición: la fiesta de la independencia durante la construcción del estado costarricense, 1821-1874
505 ## - NOTA DE CONTENIDO CON FORMATO
Nota de contenido con formato Identidad nacional e intervención extranjera. Nicaragua, 1840-1930
505 ## - NOTA DE CONTENIDO CON FORMATO
Nota de contenido con formato La Invención de la diferencia costarricense, 1810-1870
505 ## - NOTA DE CONTENIDO CON FORMATO
Nota de contenido con formato Las revoluciones liberales y su legitimidad. La restauración del orden republicano. La restauración del orden republicano.
505 ## - NOTA DE CONTENIDO CON FORMATO
Nota de contenido con formato Seccion Bibliografica
505 ## - NOTA DE CONTENIDO CON FORMATO
Nota de contenido con formato Seccion Documental
650 ## - PUNTO DE ACCESO ADICIONAL DE MATERIA--TÉRMINO DE MATERIA
Fuente del encabezamiento o término Tesauro de Arte & Arquitectura
Término de materia o nombre geográfico como elemento de entrada HISTORIA
650 ## - PUNTO DE ACCESO ADICIONAL DE MATERIA--TÉRMINO DE MATERIA
Fuente del encabezamiento o término Tesauro de Arte & Arquitectura
Término de materia o nombre geográfico como elemento de entrada HISTORIA DE CENTROAMERICA
650 ## - PUNTO DE ACCESO ADICIONAL DE MATERIA--TÉRMINO DE MATERIA
Fuente del encabezamiento o término Tesauro de Arte & Arquitectura
Término de materia o nombre geográfico como elemento de entrada ANTROPOLOGIA
650 ## - PUNTO DE ACCESO ADICIONAL DE MATERIA--TÉRMINO DE MATERIA
Fuente del encabezamiento o término Tesauro de Arte & Arquitectura
Término de materia o nombre geográfico como elemento de entrada ARQUEOLOGIA
651 ## - PUNTO DE ACCESO ADICIONAL DE MATERIA--NOMBRE GEOGRÁFICO
Fuente del encabezamiento o término Tesauro de Arte & Arquitectura
Nombre geográfico COSTA RICA
651 ## - PUNTO DE ACCESO ADICIONAL DE MATERIA--NOMBRE GEOGRÁFICO
Fuente del encabezamiento o término Tesauro de Arte & Arquitectura
Nombre geográfico HONDURAS
651 ## - PUNTO DE ACCESO ADICIONAL DE MATERIA--NOMBRE GEOGRÁFICO
Fuente del encabezamiento o término Tesauro de Arte & Arquitectura
Nombre geográfico NICARAGUA
651 ## - PUNTO DE ACCESO ADICIONAL DE MATERIA--NOMBRE GEOGRÁFICO
Fuente del encabezamiento o término Tesauro de Arte & Arquitectura
Nombre geográfico EL SALVADOR
942 ## - ELEMENTOS DE ENTRADA SECUNDARIOS (KOHA)
Fuente del sistema de clasificación o colocación Clasificación Decimal Dewey
Tipo de ítem Koha Libros
Parte de la signatura que corresponde a la clasificación (Parte de la clasificación) 905
Parte de la signatura que identifica el ejemplar (Parte del ítem) F676r
Suprimir en OPAC No
Holdings
Estatus retirado Estado de pérdida Fuente del sistema de clasificación o colocación Especificación de materiales (volumen encuadernado u otra parte) Estado de daño No para préstamo Colección Biblioteca de origen Biblioteca actual Fecha de adquisición Enumeración/cronología de publicación seriada Número de inventario Total de préstamos Signatura topográfica completa Código de barras Visto por última vez Precio de reemplazo Tipo de ítem Koha
    Clasificación Decimal Dewey 2002     Revistas Biblioteca LadoV Biblioteca LadoV 12/07/2023 45 000197   905 F676r 000197 12/07/2023 12/07/2023 Libros